LEADER 01405nam a2200301 a 4500 001 000000107656 003 CaOOAMICUS 005 20071016104814.0 008 071016s2007 vc u000 0 ita d 020 $z978-88-209-7857-0* 040 $aPUL$bita$dLDB 245 03$aLa coppia coniugale: attualità e prospettive in medicina canonistica /$ca cura di Cristiano Barbieri. 260 $aCittà del Vaticano :$bLibreria editrice vaticana,$c2007. 300 $a341 p. ;$c24 cm. 490 1 $aStudi giuridici ;$v074 500 $aIndice: p. [313]-338. 504 $aBibliografia in nota. 650 14$aMedicina legale.$0(OLS)http://pul/subject/14387 650 14$aMatrimonio (diritto canonico).$0(OLS)http://pul/subject/475 700 1 $aBarbieri, Cristiano.$0(OLS)http://pul/name/59397 830 0$aStudi giuridici (Libreria editrice Vaticana) ;$v074.$0(OLS)http://pul/title/782 850 $aPUL 852 $aPUL$W1$xSL Diritto Canonico 3$y77$m262. 99 CAN.6 2.74$j122387$qDDC 21 $B121365$CPULBib$Z2$F121365 $H105115 $82 941 1 $a9 960 $aDiritto matrimoniale canonico$9475 996 $6020$z978-88-209-7857-0*$9(OLS)http://pul/number/135936 996 $6245$aLa coppia coniugale: attualità e prospettive in medicina canonistica$9(OLS)http://pul/title/135557 996 $6260$aCittà del Vaticano :$bLibreria editrice vaticana$9(OLS)http://pul/publisher/47920 LEADER 01921nam a2200373 a 4500 001 000000127827 003 CaOOAMICUS 005 20120830123620.0 008 120229s2012 vc frm z001 0 spa r 020 $a978-88-465-0790-7 040 $aPUL$bita 082 04$a240 100 1 $aCúneo, María Martha.$0(OLS)http://pul/name/81620 245 10$aLimitación del esfuerzo terapéutico en terapia intensiva neonatal :$bel caso de los extremadamente prematuros /$cMaría Martha Cúneo. 260 $aCittà del Vaticano :$bLateran University Press,$c2012. 300 $a381 p.$c24 cm 490 1 $aTesi Accademia Alfonsiana ;$v4 502 $aTesi di Dottorato--Pontificia Università Lateranense--Accademia Alfonsiana--Roma, 2010. 504 $aBibliogr.: p. [347]-381. 710 2 $aAccademia Alfonsiana. Istituto superiore di Teologia morale.$kTesi.$0(OLS)http://pul/name/81838 830 0$aTesi Accademia Alfonsiana ;$v4.$0(OLS)http://pul/title/156464 850 $aPUL 852 $aPUL$W1$xDP1 Tesi Acc. Alfonsiana$y28$m2012 B 13$j150321$qTesi$B148899$CPULBib$Z2$F148899 $82 852 $aPUL$W1$xSL Religione 3$y85$m240 COLL 1.4$j147890$qDDC 21$B146511$CPULBib$Z2$F146511 $H119268 $82 910 $aPontificia Università Lateranense. $bAccademia Alfonsiana$981838 910 $aIstituto superiore di Teologia morale. Accademia Alfonsiana$981838 910 $aAcademia Alfonsiana. Institutum superius theologiae moralis$981838 941 1 $a16 941 1 $a9 996 $6020$a978-88-465-0790-7$9(OLS)http://pul/number/149034 996 $6082$a240$9(OLS)http://pul/classification/586 996 $6245$aLimitación del esfuerzo terapéutico en terapia intensiva neonatal :$bel caso de los extremadamente prematuros$9(OLS)http://pul/title/161526 996 $6260$aCittà del Vaticano :$bLateran University Press$9(OLS)http://pul/publisher/74585